Critical thinking skills for healthcare / (Record no. 21656)
[ view plain ]
| 000 -LEADER | |
|---|---|
| fixed length control field | 01177cam a22002535a 4500 |
| 001 - CONTROL NUMBER | |
| control field | 18473706 |
| 005 - DATE AND TIME OF LATEST TRANSACTION | |
| control field | 20171008140818.0 |
| 008 - FIXED-LENGTH DATA ELEMENTS--GENERAL INFORMATION | |
| fixed length control field | 150129s2016 enk frb 001 0 eng d |
| 020 ## - INTERNATIONAL STANDARD BOOK NUMBER | |
| International Standard Book Number | 9781138787520 |
| 040 ## - CATALOGING SOURCE | |
| Original cataloging agency | DNLM/DLC |
| Transcribing agency | DLC |
| Language of cataloging | eng |
| Modifying agency | EG-ScBUE |
| -- | EG-ScBUE |
| 082 04 - DEWEY DECIMAL CLASSIFICATION NUMBER | |
| Edition number | 22 |
| Classification number | 616 |
| Item number | MCK |
| 100 1# - MAIN ENTRY--PERSONAL NAME | |
| Personal name | McKendry, Stephanie. |
| 9 (RLIN) | 39862 |
| 245 10 - TITLE STATEMENT | |
| Title | Critical thinking skills for healthcare / |
| Statement of responsibility, etc | Stephanie McKendry. |
| 260 ## - PUBLICATION, DISTRIBUTION, ETC. (IMPRINT) | |
| Place of publication, distribution, etc | Oxon ; |
| -- | New York : |
| Name of publisher, distributor, etc | Routledge / Taylor & Francis Group, |
| Date of publication, distribution, etc | 2016. |
| 300 ## - PHYSICAL DESCRIPTION | |
| Extent | 111 p. : |
| Other physical details | ill. ; |
| Dimensions | 25 cm. |
| 500 ## - GENERAL NOTE | |
| General note | Index : p. 109-111. |
| 505 0# - FORMATTED CONTENTS NOTE | |
| Formatted contents note | Taking a critical approach in everyday life -- Taking a critical approach at university -- Taking a critical approach to reading -- Building a rational and credible argument -- Taking a critical approach in assessments -- Taking a critical approach in literature reviews -- Taking a critical approach in dissertations -- Taking a critical approach in reflection and reflective assessments. |
| 650 #7 - SUBJECT ADDED ENTRY--TOPICAL TERM | |
| Topical term or geographic name as entry element | Clinical competence. |
| Source of heading or term | BUEsh |
| 9 (RLIN) | 37655 |
| 650 #7 - SUBJECT ADDED ENTRY--TOPICAL TERM | |
| Topical term or geographic name as entry element | Medicine. |
| Source of heading or term | BUEsh |
| 9 (RLIN) | 39863 |
| 651 ## - SUBJECT ADDED ENTRY--GEOGRAPHIC NAME | |
| Source of heading or term | BUEsh |
| 653 ## - INDEX TERM--UNCONTROLLED | |
| Resource For college | Nursing |
| Arrived date list | April2016 |
| -- | May2016 |
| -- | October2017 |
| 655 ## - INDEX TERM--GENRE/FORM | |
| Form subdivision | Text book |
| -- | 33728 |
| 942 ## - ADDED ENTRY ELEMENTS (KOHA) | |
| Source of classification or shelving scheme | Dewey Decimal Classification |
| Withdrawn status | Item status | Source of classification or shelving scheme | Damaged status | Not for loan | Vendor | Home library | Current library | Shelving location | Date acquired | Source of acquisition | Cost, normal purchase price | Total Checkouts | Total Renewals | Full call number | Barcode | Date last seen | Date last borrowed | Cost, replacement price | Koha item type |
|---|---|---|---|---|---|---|---|---|---|---|---|---|---|---|---|---|---|---|---|
| Dewey Decimal Classification | Alahram | Central Library | Central Library | First floor | 19/04/2016 | Purchase | 254.00 | 2 | 17 | 616 MCK | 000032381 | 15/07/2025 | 27/01/2025 | 317.50 | Book - Borrowing | ||||
| Dewey Decimal Classification | Alahram | Central Library | Central Library | First floor | 10/05/2016 | Purchase | 254.00 | 1 | 2 | 616 MCK | 000032464 | 15/07/2025 | 11/02/2025 | 317.50 | Book - Borrowing | ||||
| Dewey Decimal Classification | Baccah | Central Library | Central Library | First floor | 08/10/2017 | Purchase | 500.00 | 616 MCK | 000042056 | 15/07/2025 | Book - Borrowing | ||||||||
| Dewey Decimal Classification | Baccah | Central Library | Central Library | First floor | 08/10/2017 | Purchase | 616 MCK | 000042057 | 15/07/2025 | NB - Book (Non borrowing) | |||||||||
| Dewey Decimal Classification | Baccah | Central Library | Central Library | First floor | 08/10/2017 | Purchase | 616 MCK | 000042058 | 15/07/2025 | NB - Book (Non borrowing) |